Středověk je kolem nás

Saved in:
Bibliographic Details
Main Author: Fuhrmann, Horst (Author)
Other Authors: Klimek, Tomáš (Translator)
Format: Book
Language:Czech
Published: Jinočany : H+H, 2006
Tags: Add Tag
No Tags, Be the first to tag this record!

MARC

LEADER 00000nam a22000003a 4500
001 stu166539
005 20150617230029.9
008 080710s2006------------------------cze-d
020 |a 80-7319-042-7 
040 |a STU  |b slo 
041 0 |a cze 
100 1 |a Fuhrmann, Horst  |4 aut 
245 1 |a Středověk je kolem nás 
260 |a Jinočany :  |b H+H,  |c 2006 
300 |a 410 s 
700 1 |a Klimek, Tomáš  |4 trl 
996 |b 284AU03991  |c A*5934  |l AA3130  |s P  |a 0  |w stu166539_0001